El canto de la gallina (Record no. 171801)

MARC details
000 -LEADER
campo de control de longitud fija 00677nam a22002055i 4500
001 - NÚMERO DE CONTROL
campo de control 171801
003 - IDENTIFICADOR DE NÚMERO DE CONTROL
campo de control ES-MaACL
005 - FECHA Y HORA DE LA ÚLTIMA TRANSACCIÓN
campo de control 20231228210331.0
008 - DATOS DE LONGITUD FIJA--INFORMACIÓN GENERAL
campo de control de longitud fija 090601s1965 sp |||| | spa d
080 ## - NÚMERO DE LA CLASIFICACIÓN DECIMAL UNIVERSAL
Número de la Clasificación Decimal Universal 821.134.2-31"19"
100 1# - ENTRADA PRINCIPAL--NOMBRE DE PERSONA
Nombre de persona Solís, Ramón,
Fechas asociadas al nombre 1923-1978
9 (RLIN) 107215
245 13 - MENCIÓN DEL TÍTULO
Título El canto de la gallina
Resto del título : novela /
Mención de responsabilidad, etc. Ramón Solís.
260 ## - PUBLICACIÓN, DISTRIBUCIÓN, ETC.
Lugar de publicación, distribución, etc. Madrid :
Nombre del editor, distribuidor, etc. Fermín Uriarte,
Fecha de publicación, distribución, etc. [1965]
300 ## - DESCRIPCIÓN FÍSICA
Extensión 270 p. ;
Dimensiones 20 cm.
490 1# - MENCIÓN DE SERIE
Mención de serie Colección "Novela Europea Contemporánea"
830 0# - PUNTO DE ACCESO ADICIONAL DE SERIE-TÍTULO UNIFORME
Título uniforme Colección "Novela Europea Contemporánea"
9 (RLIN) 223215
852 ## - LOCALIZACIÓN
Ubicación ES-MaACL
Número de control de estantería C-30974
itemnumber R.61340
852 ## - LOCALIZACIÓN
Ubicación ES-MaACL
Número de control de estantería C-28774
itemnumber R.58140
Holdings
Estatus retirado Estado de pérdida Estado de daño No para préstamo Biblioteca de origen Biblioteca actual Ubicación en estantería Fecha de adquisición Fuente de adquisición Total de préstamos Signatura topográfica completa Código de barras Visto por última vez Precio de reemplazo Tipo de ítem Koha
        Biblioteca del Ateneo de Madrid Biblioteca del Ateneo de Madrid Depósito 2 01/06/2009     C-28774 1180300 23/02/2023 23/02/2023 Libro impreso
        Biblioteca del Ateneo de Madrid Biblioteca del Ateneo de Madrid Depósito 2 01/06/2009     C-30974 1180299 23/02/2023 23/02/2023 Libro impreso